Statistics for Top 20 European Soccer Teams of 2018/19 Season

Click here to take the quiz!

General Stats

  • This quiz has been taken 206 times
  • The average score is 15 of 20

Answer Stats

#CountryTeam% Correct
1EnglandLiverpool
97%
4SpainBarcelona
92%
7ItalyJuventus
88%
13FrancePSG
88%
9GermanyBayern Munich
87%
5PortugalPorto
86%
12SpainReal Madrid
86%
2EnglandTottenham
84%
19ItalyInter Milan
83%
15GermanyBorussia Dortmund
81%
20PortugalBenfica
80%
11SpainAtletico Madrid
77%
16ItalyNapoli
71%
10FranceLyon
70%
6EnglandMan City
65%
14ItalyRoma
65%
17SpainValencia
60%
8EnglandMan United
52%
3NetherlandsAjax Amsterdam
50%
18GermanySchalke 04
42%

Score Distribution

Percentile by Number Answered

Percent of People with Each Score

Your Score History

You have not taken this quiz